Quizzes
Events
Quiz Creation
Community
Videos
Private Events
Remove Ads
Sign In
Join for FREE
Feedback
Dark Mode
Quiz Categories
Sports
Geography
Music
Movies
Television
Just For Fun
Miscellaneous
History
Literature
Language
Science
Gaming
Entertainment
Religion
Holiday
For Kids
Quiz Lab
Recent
Popular Today
Quiz Kudos Today
Editor Picks
Curator Picks
Quizzes by...
Day
Popularity
Type
Ratings
Length
Year
Community
Subscriptions
Recent Discussions
Orange Saloon
Badges
Playlists
Quests
Create
Leaderboards
Showdown
Live 5
Trivia Bingo
Activity
Puzzle Library
Sporcle Events
Private Events
Virtual Trivia
Globe League
Become a Host
Pub Owners
SporcleCon
Opinionation
Our Games
Videos
Blog
Mobile Apps
Partnerships
Remove Ads and Go Orange
Feedback
Geography
Country
Landmarks
City
State
Population
World
Capital
Continent
Flags
Europe
Africa
Asia
South America
North America
Oceania
Border
Canada
United Kingdom
Topography
United States
Geography
Country
Landmarks
City
State
Population
World
Capital
Continent
Flags
Europe
Africa
Asia
South America
North America
Oceania
Border
Canada
United Kingdom
Topography
United States
Random Quiz
Search Sporcle
×
Quiz Lab
Quiz Lab
Geography
Nintendo
Type in answers that appear in a list
Type in answers that appear in a list
Classic
Best Score? Go Orange.
Countries in Chinese Stats
Can you name the countries of the world given its Chinese name?
By
hartfan
20m
197 Questions
384 Plays
384 Plays
384 Plays
Comments
Comments
Give Quiz Kudos
Give Quiz Kudos
-
- Ratings
hide this ad
Forced Order
Answers have to be entered in order
Answers have to be entered in order
Random Order
Randomize order of answers
Randomize order of answers
Replay
Link that replays current quiz
Next Quiz
Link to next quiz in quiz playlist
You Got
0%
They Got
Avg Score
42%
Avg Friend Score
Upgrade to see
Score Distribution
Jump to the score distribution portion of the page
Score
0/197
Timer
20:00
0
Plays Today
国家
Country
% Correct
美国
United States
68.8%
中国 (中华人民共和国)
China
68.5%
日本
Japan
68%
法国
France
66.4%
加拿大
Canada
64.6%
南苏丹
South Sudan
62.9%
英国
United Kingdom
62.8%
德国
Germany
62.5%
巴西
Brazil
62.2%
韩国 (南韩)
South Korea
62.2%
澳大利亚 (澳洲)
Australia
62%
巴哈马
Bahamas
61.5%
马来西亚
Malaysia
61.2%
台湾 (中华民国)
Taiwan
60.4%
新西兰 (纽西兰)
New Zealand
58.9%
古巴
Cuba
58.6%
意大利
Italy
58.3%
马里
Mali
58.1%
爱尔兰
Ireland
57.8%
冰岛
Iceland
57.6%
海地
Haiti
57.3%
利比亚
Libya
56.8%
也门
Yemen
56.3%
中非共和国
Central African Republic
55.7%
多明尼加
Dominica
55.7%
西班牙
Spain
55.7%
泰国
Thailand
55.7%
巴巴多斯
Barbados
55.5%
芬兰
Finland
55.2%
南非
South Africa
55.2%
不丹
Bhutan
53.9%
多明尼加共和国
Dominican Republic
53.9%
罗马尼亚
Romania
53.6%
阿尔巴尼亚
Albania
52.9%
哥伦比亚
Colombia
52.9%
安哥拉
Angola
52.6%
斯里兰卡
Sri Lanka
52.6%
墨西哥
Mexico
52.3%
奥地利
Austria
51.6%
巴拿马
Panama
51.6%
印度尼西亚 (印尼)
Indonesia
51.3%
朝鲜 (北韩)
North Korea
51%
亚美尼亚
Armenia
50.8%
波兰
Poland
50.8%
俄罗斯
Russia
50.8%
利比里亚
Liberia
49.5%
越南
Vietnam
49.5%
印度
India
49.2%
新加坡
Singapore
49.2%
索马里
Somalia
49%
巴拉圭
Paraguay
48.4%
荷兰
Netherlands
48.2%
比利时
Belgium
47.7%
安道尔
Andorra
47.4%
阿尔及利亚
Algeria
47.4%
智利
Chile
47.4%
土耳其
Turkey
47.1%
肯尼亚
Kenya
46.9%
巴勒斯坦
Palestine
46.8%
瑞典
Sweden
46.6%
丹麦
Denmark
46.4%
以色列
Israel
46.4%
白俄罗斯
Belarus
45.8%
尼加拉瓜
Nicaragua
45.8%
阿曼
Oman
45.8%
特立尼达和多巴哥
Trinidad and Tobago
45.8%
国家
Country
% Correct
刚果民主共和国
Democratic Republic of Congo
45.6%
蒙古
Mongolia
45.6%
安提瓜和巴布达
Antigua and Barbuda
45.3%
刚果共和国
Republic of Congo
45.3%
老挝 (寮国)
Laos
45.3%
马耳他
Malta
45.3%
巴基斯坦
Pakistan
45.3%
阿富汗
Afghanistan
44.8%
所罗门群岛
Solomon Islands
44.8%
乌干达
Uganda
44.8%
黑山
Montenegro
44.5%
马拉维
Malawi
44%
马尔代夫
Maldives
44%
葡萄牙
Portugal
44%
乌拉圭
Uruguay
44%
密克罗尼西亚 (联邦)
Micronesia
43.8%
纳米比亚
Namibia
43.8%
土克曼斯坦
Turkmenistan
43.5%
乌克兰
Ukraine
43.5%
多哥
Togo
43.2%
尼日尔
Niger
43%
埃及
Egypt
42.7%
圭亚那
Guyana
42.7%
瑞士
Switzerland
42.7%
苏丹
Sudan
42.4%
突尼斯
Tunisia
42.4%
马达加斯加
Madagascar
42.2%
挪威
Norway
42.2%
波斯尼亚 (和黑塞哥维那)
Bosnia and Herzegovina
41.9%
阿根廷
Argentina
41.7%
希腊
Greece
41.7%
危地马拉
Guatemala
41.7%
牙买加
Jamaica
41.7%
马绍尔群岛
Marshall Islands
41.7%
尼日利亚
Nigeria
41.7%
保加利亚
Bulgaria
41.4%
厄瓜多尔
Ecuador
41.1%
伊拉克
Iraq
41.1%
拉托维亚
Latvia
41.1%
毛里塔尼亚
Mauritania
41.1%
沙特阿拉伯
Saudi Arabia
41.1%
玻利维亚
Bolivia
40.6%
洪都拉斯
Honduras
40.6%
阿拉伯联合酋长国 (阿联酋)
United Arab Emirates
40.6%
冈比亚
Gambia
40.4%
伊朗
Iran
40.4%
吉尔吉斯斯坦
Kyrgyzstan
40.4%
斯洛文尼亚
Slovenia
39.8%
爱沙尼亚
Estonia
39.6%
巴布亚新几内亚
Papua New Guinea
39.6%
巴林
Bahrain
39.3%
哈萨克斯坦
Kazakhstan
39.3%
菲律宾
Philippines
39.3%
圣卢西亚
Saint Lucia
39.3%
圣文森特和格林纳丁斯
Saint Vincent and the Grenadines
39.3%
苏里南
Suriname
39.3%
科威特
Kuwait
39.1%
圣多美和普林西比
Sao Tome and Principe
39.1%
摩纳哥
Monaco
38.8%
尼泊尔
Nepal
38.8%
几内亚
Guinea
38.5%
贝宁
Benin
38.3%
毛里求斯
Mauritius
38.3%
圣基茨和尼维斯 (圣克里斯托夫)
Saint Kitts and Nevis
38.3%
摩洛哥
Morocco
38%
史瓦帝尼 /
斯威士兰
eSwatini
38%
国家
Country
% Correct
图瓦卢
Tuvalu
38%
乌兹别克斯坦
Uzbekistan
38%
伯利兹
Belize
37.8%
秘鲁
Peru
37.8%
卡塔尔
Qatar
37.5%
塔吉克斯坦
Tajikistan
37.5%
克罗地亚
Croatia
37%
科特迪瓦 (象牙海岸)
Cote d'Ivoire
36.7%
吉布提
Djibouti
36.7%
哥斯达黎加
Costa Rica
35.7%
阿塞拜疆
Azerbaijan
35.2%
摩尔多瓦
Moldova
35.2%
加纳
Ghana
34.9%
卢森堡
Luxembourg
34.9%
北马其顿
North Macedonia
34.9%
莫桑比克
Mozambique
34.9%
缅甸
Myanmar
34.9%
圣马力诺
San Marino
34.9%
捷克
Czech Republic
34.6%
几内亚比绍
Guinea-Bissau
34.6%
坦桑尼亚
Tanzania
34.6%
文莱
Brunei
34.4%
约旦
Jordan
34.4%
塞尔维亚
Serbia
34.4%
匈牙利
Hungary
34.1%
立陶宛
Lithuania
34.1%
萨摩亚
Samoa
34.1%
东帝汶
Timor-Leste
33.9%
汤加
Tonga
33.9%
斐济
Fiji
33.6%
基里巴斯
Kiribati
33.6%
斯洛伐克
Slovakia
33.6%
柬埔寨
Cambodia
33.3%
萨尔瓦多
El Salvador
33.3%
科所沃
Kosovo
33.3%
委内瑞拉
Venezuela
33.3%
梵努阿图
Vanuatu
33.3%
列支敦士登
Liechtenstein
32.8%
津巴布韦
Zimbabwe
32.8%
赞比亚
Zambia
32.6%
乍得
Chad
32.3%
博茨瓦纳
Botswana
32%
黎巴嫩
Lebanon
31.5%
布基纳法索
Burkina Faso
31.3%
卢旺达
Rwanda
31%
格林纳达
Grenada
30.5%
塞浦路斯
Cyprus
30.2%
埃塞俄比亚
Ethiopia
30.2%
帛琉 (帕劳)
Palau
30.2%
科摩罗
Comoros
29.9%
布隆迪
Burundi
29.7%
叙利亚
Syria
29.2%
赤道几内亚
Equatorial Guinea
28.9%
梵蒂冈
Vatican City
28.9%
瑙鲁
Nauru
28.4%
厄立特里亚
Eritrea
28.1%
莱索托
Lesotho
26.6%
塞内加尔
Senegal
26.3%
孟加拉
Bangladesh
26%
喀麦隆
Cameroon
25.3%
佛得角
Cape Verde
24.7%
塞拉利昂
Sierra Leone
24.7%
塞舌尔
Seychelles
23.4%
格鲁吉亚
Georgia
23.2%
加蓬
Gabon
21.6%
Quiz Playlist
Details
Report
Send in Message
Add To Playlist
Classic:
Type in answers that appear in a list
Forced Order:
Answers have to be entered in order
Random Order:
Randomize order of answers
Last Updated: Mar 10, 2017
Quiz Scoreboard
CHALLENGE
Sign Up to Join the Scoreboard
Show All
Scores
Hide
Comments
May contain spoilers
Recently Published
An Introduction to Baseball
by treessimontrees
Sports
5m
Movies - When Are They Set?
by FPL_Elf
Movies
5m
Popular People in 1961
by mucciniale
History
6m
More to Explore
Quiz From the Vault
Featured Blog Post
Where Did the Easter Bunny Come From?
hide this ad
You Might Also Like...
Tags
Chinese Quiz
Country Quiz
Nintendo Quiz
World Quiz
region
Today's Top Quizzes in Geography
Browse Geography
hide this ad
Today's Top Quizzes in Nintendo
Browse Nintendo
Top Contributed Quizzes in Geography
1
Countries of the World - No Outlines Minefield
2
Top 25 Cities of France on a map
3
Closest Countries to UK A-Z
4
One Thing in Common: United Kingdom
5
Any capital of a 'B' country per Continent
6
Blind Secret Country CLXXXVIII
7
African Flag Reveal XLV
8
Blind Ultimate Minefield: USA
9
Find the US States - No Outlines
10
One Thing in Common: Asia
Explore More
Trending Topics
Disney
Crossword
Kpop
Anime
Marvel
NBA
Harry Potter
WWE
Pokémon
Song
Country
Puzzle
The Office
NFL
Soccer
hide this ad
More By:
hartfan
Quiz
Plays
Rating
Category
Featured
Created
Characters in Wheel of Time book series
2,833
4.80
Literature
Nov 4, 2009
Former Names of Country Capitals
630
4.38
Geography
Nov 7, 2009
Country/territory by ccTLD
409
5.00
Geography
Mar 17, 2016
Countries in Chinese
384
3.85
Geography
Oct 20, 2009
Final Scene of the Red Wedding
370
4.50
Television
Apr 11, 2018
Go to Creator's Profile
Score Distribution
Quiz Creator Spotlight
hartfan
Follow
Send a Message
Quizzes Created
-
Created Quiz Play Count
-
More By This Creator
Popular Quizzes Today
1
Find the Countries of Europe - No Outlines Minefield
2
Find the US States - No Outlines Minefield
3
The Countries of the World
4
Popular People in 1961
5
US States
6
1-10 Letter E Words III
7
Find the US States
8
Risky Map Clicking: Biggest States A-Z
More Geography Quizzes
Ultimate Border Challenge: 'L'
Published
Trending Quizzes
Risky Map Clicking: Least Populous States A-Z
1-10 Letter F Words
1-10 Letter G Words
One Thing in Common: United Kingdom
Risky Map Clicking: Next State Alphabetically
Recently Updated
Leaping Animals
pecheneg
Reality TV Shows (A-Z)
bhenderson79
Rickey Henderson's Hall of Fame Teammates
pecheneg
Champions League XIs: Arsenal
pecheneg
Quick Pick: Celebrities in WWE's Hall of Fame
aduchscher
A-Z Keypad Blitz II
pecheneg
Multiple Oscar Actors
pecheneg
Mystery Phrase Blitz: Oscar 'Best Actors'
pecheneg
F. Scott Fitzgerald Novels
LTH
Pick 3 Villains
ddd62291
Trending Topics
Harry Potter
Kpop
Marvel
Disney
NBA
Anime
Crossword
Pokémon
NFL
The Office
Soccer
Song
Puzzle
Country
WWE
Your Account Isn't Verified!
In order to create a playlist on Sporcle, you need to verify the email address you used during registration. Go to your
Sporcle Settings
to finish the process.
Report this User
Report this user for behavior that violates our
Community Guidelines
.
Details:
Send Report
Go to the Sporcle.com Mobile Site →
Comments